000 00587nam a22002177a 4500
005 20211020103958.0
008 211020b |||||||| |||| 00| 0 eng d
020 _a978-1-4562-6738-4
040 _cBiblioteca UMAX
041 _hEspañol
050 _a1400c4
_b612
082 _231
_a612
_b1400c4
100 _aRodwell, Victor; Bender, David; Botham, Kathleen; Kenelly, Peter; Weil, Anthony
245 _aHarper Bioquímica ilustrada
250 _a31
260 _aMéxico
_bMcGrawHill
_c2018
300 _a782p
_bil.
_c27cm
490 _a31
760 _b31
942 _2ddc
_cBK
_e31
999 _c1370
_d1370